Statistics for All marvel TV shows

Click here to take the quiz!

General Stats

  • This quiz has been taken 161 times
    (158 since last reset)
  • The average score is 8 of 20

Answer Stats

Answer% Correct
WandaVision
83%
Loki
81%
Agents of shield
69%
Daredevil
66%
The Falcon and the Winter Soldier
66%
Jessica Jones
59%
Luke cage
57%
Iron fist
55%
The punisher
50%
The Defenders
49%
Agent Carter
47%
Inhumans
38%
Runaways
36%
Cloak and Dagger
34%
The Gifted
23%
Legion
18%
Helstrom
11%
Legends
5%
Assembled
1%
616
0%

Score Distribution

Percentile by Number Answered

Percent of People with Each Score

Your Score History

You have not taken this quiz since the last reset